[Event "Lorca Narciso Yepes op"]
[Site "Lorca"]
[Date "2006.??.??"]
[Round "?"]
[White "Alcaraz Ortega, Javier"]
[Black "Alonso, Marcos"]
[Result "0-1"]
[WhiteElo "2014"]
[BlackElo "2278"]
[PlyCount "26"]
[EventDate "2006.06.25"]
[EventType "swiss"]
[EventRounds "9"]
[EventCountry "ESP"]
[SourceTitle "CBM 113 Extra"]
[Source "ChessBase"]
[SourceDate "2006.09.14"]
[SourceVersion "1"]
[SourceVersionDate "2006.09.14"]
[SourceQuality "1"]

1. d4 d5 2. Nf3 Nf6 3. Bf4 e6 4. e3 c5 5. Nbd2 Nc6 6. c3 Be7 7. Bd3 Qb6 8. Rb1 h6 9. Ne5 Nxe5 10. dxe5 Nd7 11. Qg4 g5 12. Bg3 h5 13. Qh3 g4 0-1